zpět

Detail výsledku týmu

Hasičárna Novesta, Zlín

Datum a čas kvízu

35.5 Celkem bodů Celkový počet nahraných bodů na tomto kvízu bez doplňovacích otázek.
12. Pořadí na kvízu Konečné umístění týmu na tomto kvízu.

Zaznamenané odpovědi

# Otázka Odpověď Body Výsledky
1. Poradní výbor Rady Evropy vyzv... o slovenštinu 1
2. V italském městě Pesaro nechal... Luciano Pavarotti 1
3. Spousta z vás si jistě minulý... Bad Bunny 0
4. Tento klenot z horského křišťá... Fabergého vejce 1
5. V neděli jsme se dozvěděli jmé... Lando Norris, 3. místo 0.5
6. Jak jinak začít toto téma, než... žlutý trpaslík 0.5
7. Další otázku věnujme Zemi. Jed... 6378 km 1
8. Nyní se podíváme na planety, c... Uran; Venuše 0.5
9. Na řadě je rychlost planet. Co... B 0
10. Přiřaďte názvy těchto měsíců k... 1B 2A 3D 4C 1